=LDR 00000nam 2200000 4500 =001 INLIS000000000036629 =005 20130612142415 =008 ***********************************Ind** =035 ##$$0010-061300000036629 =041 ##$$a Ind =082 ##$$a 332.100 =090 ##$$a 332.100, Bar =100 ##$$a Barata, Amsa =245 ##$$a Perbankan SMEA 1A =260 ##$$a 1990 $b Bandung =300 ##$$a 148 hlm =850 ##$$a NBPNMAT